[Event "61st World Juniors 2024"]
[Site "Gandhinagar IND"]
[Date "2024.06.05"]
[Round "4.34"]
[White "Sureka Akshat"]
[Black "Kanyamarala, Tarun"]
[Result "0-1"]
[BlackTitle "IM"]
[WhiteElo "1972"]
[BlackElo "2333"]
[WhiteFideId "25774492"]
[BlackFideId "45004714"]
[EventDate "2024.06.02"]

1. e4 c5 2. Nc3 e6 3. f4 Nc6 4. Nf3 d5 5. Bb5 Ne7 6. exd5 exd5 7. Qe2 f6 8. d4
c4 9. O-O Kf7 10. Bxc6 bxc6 11. Bd2 h5 12. Rae1 Nf5 13. b3 cxb3 14. cxb3 g6 15.
Na4 a5 16. Bc3 Bd6 17. Qd2 Qc7 18. g3 h4 19. Kg2 hxg3 20. hxg3 Nxg3 21. Ne5+
fxe5 22. fxe5+ Nxf1 23. Qf4+ Kg8 24. exd6 Bh3+ 25. Kg1 Qf7 26. Qg5 Rf8 27. Re2
Ng3 28. Qxg3 Qf1+ 0-1

[Event "61st World Juniors 2024"]
[Site "Gandhinagar IND"]
[Date "2024.06.05"]
[Round "4.35"]
[White "Koziorowicz, Michal"]
[Black "Safarov, Deniel"]
[Result "1/2-1/2"]
[WhiteTitle "FM"]
[WhiteElo "2304"]
[BlackElo "2059"]
[WhiteFideId "21809194"]
[BlackFideId "13619802"]
[EventDate "2024.06.02"]

1. e4 c6 2. d4 d5 3. Nc3 dxe4 4. Nxe4 Bf5 5. Ng3 Bg6 6. Nh3 Nf6 7. Nf4 e5 8.
Nxg6 hxg6 9. dxe5 Qxd1+ 10. Kxd1 Ng4 11. Ne4 Nd7 12. Be2 Rd8 13. Bg5 Be7 14.
Bxe7 Kxe7 15. Ke1 Ngxe5 16. Rd1 f5 17. Ng5 Nc5 18. Rxd8 Rxd8 19. h4 Rh8 20. Rh3
Ne6 21. Nxe6 Kxe6 22. f4 Nd7 23. Bc4+ Kd6 24. Bf7 Nf8 25. Re3 Rxh4 26. Re8 Rxf4
27. Rxf8 Ke7 28. Rb8 Re4+ 29. Kf2 Kxf7 30. Rxb7+ Re7 31. Rb8 Ke6 32. c4 Ke5 33.
Ke3 Kd6+ 34. Kf3 g5 35. b3 Rd7 36. Re8 Re7 37. c5+ Ke6 38. Rc8 Kd5 39. b4 g4+
40. Kf4 Re4+ 41. Kxf5 g6+ 42. Kxg6 Rxb4 43. Kf5 Kxc5 44. Rg8 Ra4 45. Rxg4 Rxa2
46. Rg8 a5 47. Ke4 Kc4 48. g4 a4 49. Ra8 Ra1 50. Kf3 a3 51. Kg2 Kb3 52. Rb8+ Ka2
53. Rb6 Rc1 54. Kf2 Rc5 55. Ke3 Rc1 56. Kd2 Rc4 57. g5 c5 58. Rb5 Ka1 59. g6 Rg4
60. Rxc5 Rxg6 61. Rb5 Rc6 62. Rb8 Rh6 63. Kc2 Rh2+ 64. Kc1 Rb2 65. Ra8 Ka2 66.
Rc8 Rb1+ 67. Kc2 Rb7 68. Rc6 Rg7 69. Rb6 Rc7+ 70. Kd2 Ka1 71. Rb8 Rc4 72. Kd3
Rc1 73. Ra8 Ka2 74. Kd2 Rb1 75. Kc2 Rb2+ 76. Kc1 Rb7 77. Rc8 Rb2 78. Rc7 Rb4 79.
Kc2 Rb1 80. Rc8 Ka1 81. Rc7 a2 82. Rc8 Rc1+ 83. Kxc1 1/2-1/2

[Event "61st World Juniors 2024"]
[Site "Gandhinagar IND"]
[Date "2024.06.05"]
[Round "4.36"]
[White "Shah, Jeet"]
[Black "Bizhigitov, Zhangir"]
[Result "0-1"]
[BlackTitle "FM"]
[WhiteElo "1946"]
[BlackElo "2212"]
[WhiteFideId "45012954"]
[BlackFideId "13725599"]
[EventDate "2024.06.02"]

1. e4 e5 2. Nf3 Nc6 3. Bc4 Nf6 4. d3 h6 5. c3 d6 6. a4 g5 7. a5 Bg7 8. a6 O-O 9.
O-O Ne7 10. axb7 Bxb7 11. Ba6 Bc6 12. c4 Bd7 13. Nc3 c6 14. d4 exd4 15. Nxd4 Rb8
16. Kh1 Ng4 17. h3 Ne5 18. Nde2 g4 19. Nf4 N7g6 20. Qxd6 gxh3 21. g3 Bg4 22. c5
Bf3+ 23. Kh2 Qg5 24. Nxg6 Ng4+ 25. Kxh3 Qh5+ 26. Nh4 Be5 27. Bf4 Bxd6 28. Bxd6
Rxb2 29. Ra2 Rxa2 30. Nxa2 Re8 31. Nc3 Ne5 32. Re1 Ng6 33. Rg1 Bg4+ 34. Kg2
Nxh4+ 35. gxh4 Qxh4 36. Kf1 Qh3+ 37. Rg2 Kh7 38. Be2 Qh1+ 0-1

[Event "61st World Juniors 2024"]
[Site "Gandhinagar IND"]
[Date "2024.06.05"]
[Round "4.37"]
[White "Vrashank, Chouhan"]
[Black "Daksh Goyal"]
[Result "0-1"]
[WhiteTitle "FM"]
[WhiteElo "2209"]
[BlackElo "1948"]
[WhiteFideId "25944240"]
[BlackFideId "25100149"]
[EventDate "2024.06.02"]

1. d4 d5 2. c4 c6 3. Nc3 Nf6 4. Nf3 e6 5. Bg5 h6 6. Bh4 dxc4 7. e4 g5 8. Bg3 b5
9. Be2 Bb7 10. O-O Nbd7 11. Nd2 Qb6 12. a4 a6 13. e5 Nd5 14. Nde4 Be7 15. Bh5
Rf8 16. Nxd5 cxd5 17. Nd6+ Bxd6 18. exd6 O-O-O 19. axb5 axb5 20. Qd2 f5 21. Be5
Nxe5 22. dxe5 Kd7 23. h4 Rg8 24. hxg5 Rxg5 25. Bf3 Rdg8 26. Ra5 d4 27. Bxb7 Qxb7
28. g3 Rh5 29. f3 Rxg3+ 0-1

[Event "61st World Juniors 2024"]
[Site "Gandhinagar IND"]
[Date "2024.06.05"]
[Round "4.38"]
[White "Ang, Ern Jie Anderson"]
[Black "Guru Prakash"]
[Result "1-0"]
[WhiteTitle "CM"]
[WhiteElo "2198"]
[BlackElo "1817"]
[WhiteFideId "5736200"]
[BlackFideId "25138316"]
[EventDate "2024.06.02"]

1. d4 Nf6 2. c4 g6 3. g3 Bg7 4. Bg2 O-O 5. Nc3 d6 6. Nf3 Nc6 7. O-O e5 8. dxe5
Nxe5 9. Nxe5 dxe5 10. Qxd8 Rxd8 11. Bg5 Rd4 12. Rad1 c6 13. Be3 Rxd1 14. Rxd1
Be6 15. b3 Bf8 16. h3 Bb4 17. Na4 Nd7 18. g4 f6 19. g5 f5 20. Nb2 Be7 21. h4 Rd8
22. f3 Kf7 23. Bf2 h6 24. gxh6 a6 25. e4 f4 26. Kh2 Rh8 27. Bh3 Rxh6 28. Rxd7
Bxd7 29. Bxd7 Bxh4 30. Bxh4 Rxh4+ 31. Bh3 Rh8 32. Nd3 Kf6 33. a4 Rd8 34. Bf1 g5
35. Kg2 Rd4 36. Kh3 Rd8 37. c5 Rd4 38. Nf2 Kg7 39. Ng4 Rd1 40. Bc4 Rg1 41. Kh2
Rd1 42. Nxe5 Rd8 43. Ng4 Rb8 44. Kh3 Rh8+ 45. Kg2 Rd8 46. e5 Rd4 47. Nf6 Rd2+
48. Kh3 Rd1 49. Ne4 Rh1+ 50. Kg2 Re1 51. e6 Kf8 52. Nxg5 Re5 53. Ne4 Rh5 54. Kf1
Ke7 55. Kg2 Rh8 56. Kf1 Rh2 57. Nf2 Rh5 58. Nd3 Kf6 59. Nf2 Ke7 60. Ne4 Rh7 61.
Kg1 Rh8 62. a5 Rg8+ 63. Kf2 Rg7 64. Nd6 Kd8 65. Ke2 Rh7 66. Kd3 Rh5 67. Nxb7+
Kc7 68. Nd6 Re5 69. Ne4 Rh5 70. Bxa6 Rh3 71. Nd2 Rh5 72. b4 Rd5+ 73. Kc3 Rh5 74.
Bd3 Rh6 75. Bc4 Rh3 76. e7 Kd7 77. Be6+ 1-0

[Event "61st World Juniors 2024"]
[Site "Gandhinagar IND"]
[Date "2024.06.05"]
[Round "4.39"]
[White "Pozzari, Simone"]
[Black "Ayushh, Ravikumar"]
[Result "0-1"]
[WhiteTitle "FM"]
[BlackTitle "FM"]
[WhiteElo "2276"]
[BlackElo "1950"]
[WhiteFideId "2831282"]
[BlackFideId "35039482"]
[EventDate "2024.06.02"]

1. d4 Nf6 2. c4 e6 3. Nf3 d5 4. g3 Be7 5. Bg2 O-O 6. O-O c6 7. Qc2 Nbd7 8. Nbd2
b6 9. e4 dxe4 10. Nxe4 Nxe4 11. Qxe4 Bb7 12. Rd1 Qc8 13. Qc2 Rd8 14. Bg5 Nf6 15.
c5 bxc5 16. dxc5 Rd5 17. b4 a5 18. a3 Ba6 19. Bf4 axb4 20. axb4 Rxd1+ 21. Qxd1
Nd5 22. Bd6 Bxd6 23. cxd6 Qd8 24. Nd4 Qxd6 25. b5 cxb5 26. Nxb5 Qc5 27. Bxd5
exd5 28. Nd4 g6 29. Qd2 Bb7 30. Rxa8+ Bxa8 31. Qe3 Bc6 32. Qe5 Bd7 33. Qb8+ Kg7
34. Qe5+ f6 35. Qe3 Qd6 36. Kg2 Qe5 37. Qd2 h5 38. h4 Bg4 39. Qb2 Bd7 40. Qd2
Qe4+ 41. Kh2 Bf5 42. Nc6 Qb1 43. Nd4 Qe4 44. Nc6 Be6 45. Nd4 Bf7 46. Qe3 Qxe3
47. fxe3 g5 48. Kg2 Bg6 49. Kh3 Be8 50. Kg2 Bd7 51. Kf3 Bg4+ 52. Kf2 Kf7 53. Ke1
Ke7 54. Kf2 Kd6 55. Ke1 Ke5 56. Kf1 Ke4 57. Kf2 Bd1 58. Nb5 Bg4 59. Nd6+ Ke5 60.
Nb5 Bd7 61. Nd4 Bg4 62. Nc6+ Ke4 63. Nd4 gxh4 64. gxh4 f5 65. Ne6 f4 66. Nc5+
Kf5 67. Nd3 fxe3+ 68. Kxe3 Bd1 69. Nb4 Bb3 70. Nc6 Kg4 71. Nd4 Bd1 72. Nc6 Kxh4
73. Kf4 Bc2 74. Nd4 Be4 75. Ne2 Bd3 76. Nd4 Be4 77. Ne2 Kh3 78. Kg5 Bf3 79. Nf4+
Kg3 80. Nxd5 h4 81. Ne3 h3 82. Nf1+ Kg2 83. Kh4 Be2 84. Ne3+ Kh2 85. Nd5 Ba6 86.
Ne3 Bc8 87. Nf1+ Kg2 88. Ne3+ Kf2 89. Nd1+ Kf3 0-1

[Event "61st World Juniors 2024"]
[Site "Gandhinagar IND"]
[Date "2024.06.05"]
[Round "4.40"]
[White "Jani, Kushal R"]
[Black "Jyotshnav Talukdar"]
[Result "0-1"]
[WhiteElo "2192"]
[BlackElo "1898"]
[WhiteFideId "25679988"]
[BlackFideId "25924370"]
[EventDate "2024.06.02"]

1. e4 c6 2. d4 d5 3. exd5 cxd5 4. Bd3 Nc6 5. c3 Nf6 6. h3 g6 7. Nf3 Bg7 8. O-O
O-O 9. Re1 Bf5 10. Bf1 Ne4 11. Nbd2 h6 12. Nh4 e6 13. Nxf5 gxf5 14. Nb3 Kh7 15.
f3 Ng3 16. Bd3 Rg8 17. Bf4 Qh4 18. Qd2 Bf6 19. Bf1 Nh5 20. Bh2 Bg5 21. Qf2 Qxf2+
22. Kxf2 Bh4+ 23. Kg1 Bxe1 24. Rxe1 Ng3 25. Bd3 Kh8 26. Kf2 f4 27. Bb5 Rg7 28.
Nc5 Rag8 29. Rg1 Ne7 30. Nxb7 Nef5 31. Bxg3 Rxg3 32. Bf1 Rb8 33. Ba6 Nh4 34. b3
Rbg8 35. c4 Rxg2+ 36. Rxg2 Rxg2+ 37. Kf1 Rxa2 38. Bb5 a6 39. Bd7 Nxf3 40. c5
Nh2+ 41. Kg1 f3 42. c6 f2+ 43. Kxh2 f1=Q+ 44. Kg3 Rg2+ 0-1

[Event "61st World Juniors 2024"]
[Site "Gandhinagar IND"]
[Date "2024.06.05"]
[Round "4.41"]
[White "Swarna Nihal"]
[Black "Bharadia Yash"]
[Result "1-0"]
[BlackTitle "CM"]
[WhiteElo "1949"]
[BlackElo "2100"]
[WhiteFideId "25683640"]
[BlackFideId "45087822"]
[EventDate "2024.06.02"]

1. d4 Nf6 2. c4 e6 3. Nf3 b6 4. g3 Bb7 5. Bg2 Be7 6. O-O O-O 7. Nc3 Ne4 8. Bd2
f5 9. d5 Bf6 10. Rc1 Na6 11. b3 Nac5 12. Ne1 Bxc3 13. Bxc3 Nxc3 14. Rxc3 Qf6 15.
Qc2 a5 16. a3 Ne4 17. Rd3 exd5 18. cxd5 Qd6 19. Nf3 Bxd5 20. Nd4 c6 21. Nxf5
Qxa3 22. Ne3 Qc5 23. Qb2 Rae8 24. Nxd5 cxd5 25. e3 Rf5 26. Bh3 Rf7 27. Qd4 Ref8
28. Qxc5 Nxc5 29. Rxd5 Nxb3 30. Rxd7 Rf6 31. e4 Nc5 32. Re7 R8f7 33. Re8+ Rf8
34. Re7 Rf3 35. e5 a4 36. e6 a3 37. Ra7 b5 38. e7 Re8 39. Bg2 Rf6 40. Bd5+ Kh8
41. Re1 Na6 42. Ra8 Nc7 43. Rxe8+ Nxe8 44. Rc1 a2 45. Bxa2 1-0

[Event "61st World Juniors 2024"]
[Site "Gandhinagar IND"]
[Date "2024.06.05"]
[Round "4.42"]
[White "Vihaan Karthikeya N"]
[Black "Radojicic, Aleksandar M"]
[Result "1/2-1/2"]
[WhiteElo "1936"]
[BlackElo "2088"]
[WhiteFideId "25950673"]
[BlackFideId "979694"]
[EventDate "2024.06.02"]

1. d4 Nf6 2. c4 c5 3. d5 b5 4. Qc2 b4 5. e4 d6 6. Nd2 g6 7. Bd3 Bg7 8. Ne2 O-O
9. O-O e6 10. Ng3 a5 11. f4 exd5 12. cxd5 Nbd7 13. Nc4 Nb6 14. Bd2 Ba6 15. Rae1
Bxc4 16. Bxc4 Ng4 17. Ne2 Nxc4 18. Qxc4 Bxb2 19. h3 Nh6 20. f5 g5 21. h4 f6 22.
hxg5 fxg5 23. Rf3 Bf6 24. Rg3 Nf7 25. Nf4 Be5 26. Ne6 Bxg3 27. Nxd8 Bxe1 28.
Nxf7 Bxd2 29. Nxd6 a4 30. Nb5 b3 31. d6+ Kg7 32. Qxc5 bxa2 33. Qd4+ Kh6 34. Qa1
Rab8 35. Na3 Rb4 36. Qxa2 Be3+ 37. Kh2 Rxe4 38. d7 Bb6 39. Nb5 Kh5 40. g4+ Rxg4
41. Qe2 Rxf5 42. Kh3 Rf4 43. Nd6 a3 44. Qe8+ Kh6 45. Qe6+ Kh5 46. Qe8+ Kh6 47.
Nf5+ Rxf5 48. Qe6+ Kh5 49. Qe8+ Kh6 50. Qe6+ Kh5 51. Qe8+ Kh6 1/2-1/2

[Event "61st World Juniors 2024"]
[Site "Gandhinagar IND"]
[Date "2024.06.05"]
[Round "4.43"]
[White "Mizzi, Jack"]
[Black "Insara, S D Nadev"]
[Result "1/2-1/2"]
[WhiteTitle "CM"]
[WhiteElo "2051"]
[BlackElo "1874"]
[WhiteFideId "5602521"]
[BlackFideId "29932050"]
[EventDate "2024.06.02"]

1. d4 Nf6 2. c4 e6 3. g3 d5 4. Bg2 Be7 5. Nf3 O-O 6. O-O dxc4 7. Ne5 Nc6 8. Bxc6
bxc6 9. Nxc6 Qe8 10. Nxe7+ Qxe7 11. Qc2 c5 12. b3 Rd8 13. dxc5 Qxc5 14. Bb2 Bb7
15. Qxc4 Qh5 16. Bxf6 gxf6 17. f3 Qe5 18. Na3 Rac8 19. Qg4+ Kh8 20. Nc4 Qxe2 21.
Qf4 Kg7 22. Rf2 Qd3 23. Qg4+ Kh8 24. Qf4 Kg7 25. Re1 Rd4 26. Qe3 Qxe3 27. Rxe3
Ba6 28. Nb2 Rc1+ 1/2-1/2

[Event "61st World Juniors 2024"]
[Site "Gandhinagar IND"]
[Date "2024.06.05"]
[Round "4.44"]
[White "Arshpreet Singh"]
[Black "Oluka Robert Mcligeyo"]
[Result "1-0"]
[WhiteElo "1932"]
[BlackElo "2050"]
[WhiteFideId "25902113"]
[BlackFideId "10814647"]
[EventDate "2024.06.02"]

1. e4 c5 2. c3 Nf6 3. e5 Nd5 4. Nf3 Nc6 5. Bc4 e6 6. O-O d6 7. d4 cxd4 8. cxd4
Be7 9. Qe2 O-O 10. Rd1 Nb6 11. Bb3 d5 12. Nc3 f5 13. exf6 Bxf6 14. Bf4 Bd7 15.
Rac1 a6 16. h4 Qe8 17. Bd6 Be7 18. Bxe7 Qxe7 19. Bc2 Rf6 20. Qd3 g6 21. Ne5 Raf8
22. Rf1 Nxe5 23. dxe5 Rf5 24. g3 Rf3 25. Qd4 Nc8 26. Bd1 R3f7 27. f4 Qd8 28. Bb3
Ne7 29. Rfd1 Nf5 30. Qf2 Bc6 31. Ne4 Kg7 32. Nf6 Ne7 33. g4 Ng8 34. g5 Rc7 35.
h5 Ne7 36. Qh2 Rh8 37. Rc3 Rc8 38. Rh3 Qb6+ 39. Qf2 Qxf2+ 40. Kxf2 h6 41. hxg6
Nxg6 42. gxh6+ Kf7 43. Rg3 Bb5 44. a4 Nxf4 1-0

[Event "61st World Juniors 2024"]
[Site "Gandhinagar IND"]
[Date "2024.06.05"]
[Round "4.45"]
[White "Singh, Siddharth"]
[Black "Rohith S"]
[Result "1/2-1/2"]
[WhiteElo "2050"]
[BlackElo "1866"]
[WhiteFideId "39907023"]
[BlackFideId "45075360"]
[EventDate "2024.06.02"]

1. e4 c5 2. Nf3 d6 3. d4 cxd4 4. Nxd4 Nf6 5. Nc3 a6 6. h3 e5 7. Nf3 b5 8. a4 b4
9. Nd5 Nxd5 10. Qxd5 Ra7 11. Be3 Rd7 12. Bc4 Bb7 13. Qd3 Be7 14. O-O O-O 15. a5
Bxe4 16. Qxe4 d5 17. Bxd5 Rxd5 18. Nxe5 Rxa5 19. Bb6 Qd5 20. Qxd5 Rxd5 21. Nc4
b3 22. cxb3 Rb5 23. Rfe1 Bf6 24. Re3 Bxb2 25. Ra5 Rxb6 26. Nxb6 Bd4 27. Nd5 Bxe3
28. fxe3 Re8 29. Kf2 h6 30. b4 Re6 31. b5 axb5 32. Ra8 Re8 33. Nc7 Rd8 34. Nxb5
Nc6 35. Rxd8+ Nxd8 36. Kf3 Kf8 37. Ke4 Ke7 38. Kd5 Ne6 39. Nc3 g6 40. Ke5 Nc7
41. Ne4 Ne8 42. Nc3 Nf6 43. Nb5 Nd7+ 44. Ke4 Ke6 45. Kd4 f5 46. g3 Nf6 47. Nc3
Nh5 48. Ne2 g5 49. h4 Kd6 50. hxg5 hxg5 51. e4 fxe4 52. Kxe4 g4 53. Kf5 Nxg3+
54. Nxg3 Kd5 55. Kxg4 1/2-1/2

[Event "61st World Juniors 2024"]
[Site "Gandhinagar IND"]
[Date "2024.06.05"]
[Round "4.46"]
[White "Arul Prakash N"]
[Black "Tleukhanov, Yerlan"]
[Result "0-1"]
[WhiteElo "1907"]
[BlackElo "2025"]
[WhiteFideId "45061114"]
[BlackFideId "13749692"]
[EventDate "2024.06.02"]

1. e4 c5 2. Nf3 Nc6 3. Bb5 e5 4. O-O Bd6 5. c3 a6 6. Bxc6 dxc6 7. d4 exd4 8.
cxd4 Bg4 9. dxc5 Bxc5 10. Qc2 Qe7 11. Nbd2 Nf6 12. b3 O-O 13. Bb2 Bxf3 14. Bxf6
Qxf6 15. Qxc5 Be2 16. Rfe1 Rfe8 17. Rac1 Bg4 18. Nc4 Rad8 19. f3 Bc8 20. e5 Qg5
21. Nd6 Bh3 22. Rc2 Re6 23. Nxb7 Rd7 24. Qa7 h5 25. Qb8+ Kh7 26. g3 Rd5 27. Rce2
h4 28. Kf2 Rg6 29. Nd6 hxg3+ 30. hxg3 Be6 31. Ne4 Qh5 32. Ke3 Bf5 33. g4 Bxg4
34. fxg4 Qxg4 35. Rf1 Qh3+ 36. Kf2 Qh4+ 0-1

[Event "61st World Juniors 2024"]
[Site "Gandhinagar IND"]
[Date "2024.06.05"]
[Round "4.47"]
[White "Bhoir Paras Dilip"]
[Black "Yohan Yadav Tarala"]
[Result "1/2-1/2"]
[WhiteElo "2016"]
[BlackElo "1810"]
[WhiteFideId "25763695"]
[BlackFideId "33385300"]
[EventDate "2024.06.02"]

1. e4 c5 2. Nf3 e6 3. d4 cxd4 4. Nxd4 Nc6 5. Nc3 Qc7 6. Nxc6 bxc6 7. Bd3 Nf6 8.
Qe2 d5 9. O-O Be7 10. f4 O-O 11. Kh1 Bb7 12. Bd2 c5 13. b3 Rfd8 14. e5 c4 15.
exf6 cxd3 16. Qe5 Qxe5 17. fxe5 Bc5 18. cxd3 Bd4 19. Rae1 Ba6 20. Rf4 Bxc3 21.
Bxc3 Rdc8 22. Bd4 Bxd3 23. fxg7 Kxg7 24. h4 h5 25. Re3 Be4 26. Rg3+ Bg6 27. Rf6
Rc1+ 28. Kh2 Rd1 29. Bc5 Rc8 30. b4 Rc6 31. Rg5 Ra6 32. Rf2 Ra3 33. g4 Kh7 34.
b5 Rc3 35. Bxa7 hxg4 36. Rxg4 Be4 37. Rxf7+ Kh6 1/2-1/2

[Event "61st World Juniors 2024"]
[Site "Gandhinagar IND"]
[Date "2024.06.05"]
[Round "4.48"]
[White "Dishank Sachin Bajaj"]
[Black "Sriansh Das"]
[Result "0-1"]
[WhiteElo "1893"]
[BlackElo "2016"]
[WhiteFideId "25953036"]
[BlackFideId "45030081"]
[EventDate "2024.06.02"]

1. e4 e6 2. d4 d5 3. Bd3 c5 4. exd5 exd5 5. Nf3 c4 6. Be2 Nf6 7. b3 cxb3 8. axb3
Nc6 9. O-O Be7 10. c4 O-O 11. Na3 Bf5 12. Nc2 h6 13. Ne3 Be6 14. Bb2 Qb6 15. Qc2
Rfd8 16. Rfd1 Rac8 17. c5 Qc7 18. Bc3 Ne4 19. Be1 f5 20. b4 a6 21. b5 axb5 22.
Bxb5 Bf6 23. Rab1 g5 24. Bc3 f4 25. Nf1 Qg7 26. Bxc6 Rxc6 27. Ba1 Rd7 28. Rb5 g4
29. N3d2 Nxf2 30. Re1 Bxd4 31. Nb3 Bxa1 32. Rxa1 Ne4 33. Nfd2 Qe5 34. Ra8+ Kg7
35. Ra7 Nc3 36. Raxb7 Qe1+ 37. Nf1 Ne2+ 38. Qxe2 Qxe2 39. Nd4 Qc4 40. Rxd7+ Bxd7 0-1

[Event "61st World Juniors 2024"]
[Site "Gandhinagar IND"]
[Date "2024.06.05"]
[Round "4.49"]
[White "Borkhetariya Devarsh M"]
[Black "Sharon, Rafael"]
[Result "1-0"]
[WhiteElo "1864"]
[BlackElo "2015"]
[WhiteFideId "25777033"]
[BlackFideId "74601580"]
[EventDate "2024.06.02"]

1. d4 d5 2. Nf3 Nf6 3. e3 g6 4. Bd3 Bf5 5. b3 Bg7 6. Bb2 O-O 7. O-O Bg4 8. h3
Bxf3 9. Qxf3 Nbd7 10. c4 c6 11. Nc3 e6 12. Rad1 Qc7 13. Bb1 Rfe8 14. Rfe1 Nb6
15. cxd5 exd5 16. g4 h6 17. Kg2 Re6 18. Ne2 Ne4 19. Nf4 Ree8 20. Rh1 Nd7 21.
Bxe4 Rxe4 22. Ne2 Rae8 23. Qg3 Qa5 24. a3 Nf6 25. b4 Qd8 26. Nc3 R4e6 27. Bc1
Ne4 28. Nxe4 dxe4 29. Rhf1 Qd5 30. Bb2 Rf6 31. Qc7 Rf3 32. Rd2 h5 33. Rh1 hxg4
34. hxg4 Qe6 35. Qxb7 Qxg4+ 36. Kf1 Rf6 37. Ke1 Qg2 38. Rf1 Bh6 39. Re2 Qf3 40.
Qxa7 Rd6 41. Qb7 Red8 42. Rg1 Qf6 43. Rc2 Qe6 44. Qa6 Qe7 45. Qc4 Qh4 46. Qb3
Rf6 47. Rf1 Rf3 48. Re2 Rd5 49. a4 Qd8 50. Qc4 Bf8 51. Bc3 Qd7 52. Ra2 Rf6 53.
a5 Qa7 54. a6 Re6 55. Rh1 Rf6 56. Rh4 Bg7 57. Rxe4 Rh5 58. Re8+ Kh7 59. Qf1 Rf3
60. Qg2 Rhh3 61. Re4 Bf6 62. Ke2 Qd7 63. Qxf3 Rxf3 64. Kxf3 Qf5+ 65. Ke2 Qxe4
66. a7 Qg4+ 67. Kd2 Qf3 68. Kc1 Qh1+ 69. Kb2 Qf1 70. a8=Q Qe2+ 71. Kb3 Qd1+ 72.
Rc2 Qb1+ 73. Bb2 1-0

[Event "61st World Juniors 2024"]
[Site "Gandhinagar IND"]
[Date "2024.06.05"]
[Round "4.50"]
[White "Vedant Garg"]
[Black "Saryyev, Azym"]
[Result "0-1"]
[WhiteElo "1811"]
[BlackElo "1999"]
[WhiteFideId "33422362"]
[BlackFideId "14004801"]
[EventDate "2024.06.02"]

1. e4 e6 2. d4 d5 3. e5 c5 4. c3 Nc6 5. Nf3 Nge7 6. Na3 cxd4 7. cxd4 Nf5 8. Nc2
Be7 9. Bd3 a5 10. O-O Qb6 11. Re1 h6 12. Rb1 Bd7 13. a3 a4 14. Bxf5 exf5 15. h4
Nxe5 16. Bd2 Nc6 17. Bf4 Qb5 18. Ne5 Na5 19. Rc1 Nb3 0-1

[Event "61st World Juniors 2024"]
[Site "Gandhinagar IND"]
[Date "2024.06.05"]
[Round "4.52"]
[White "Jai Sankar Subramanian"]
[Black "Dhami, Dipak"]
[Result "1-0"]
[WhiteElo "1986"]
[BlackElo "1702"]
[WhiteFideId "25931970"]
[BlackFideId "12325899"]
[EventDate "2024.06.02"]

1. e4 c6 2. d4 d6 3. Nc3 Nf6 4. f4 Nbd7 5. Nf3 Qc7 6. e5 Nd5 7. Nxd5 cxd5 8. Bd3
Nb6 9. Ng5 g6 10. e6 Bxe6 11. Nxe6 fxe6 12. Qe2 Qd7 13. Bb5 Bg7 14. Bxd7+ Kxd7
15. c3 1-0

[Event "61st World Juniors 2024"]
[Site "Gandhinagar IND"]
[Date "2024.06.05"]
[Round "4.54"]
[White "Talgatov, Nazar"]
[Black "Mrinmoy Rajkhowa"]
[Result "1/2-1/2"]
[WhiteElo "2108"]
[BlackElo "1942"]
[WhiteFideId "13743694"]
[BlackFideId "25603426"]
[EventDate "2024.06.02"]

1. e4 c5 2. Nf3 d6 3. Bb5+ Nd7 4. d4 cxd4 5. Qxd4 a6 6. Be2 Ngf6 7. O-O e5 8.
Qe3 Nc5 9. Nfd2 b5 10. c4 bxc4 11. Nc3 Bb7 12. Bxc4 Be7 13. b4 Ncd7 14. Bb2 O-O
15. Rfd1 Nb6 16. Bb3 Rb8 17. Nc4 Nxc4 18. Bxc4 Qc7 19. Bb3 Bc6 20. Ba3 Qb7 21.
Nd5 Nxd5 22. Bxd5 Bxd5 23. Rxd5 f5 1/2-1/2

[Event "61st World Juniors 2024"]
[Site "Gandhinagar IND"]
[Date "2024.06.05"]
[Round "4.55"]
[White "Kartik Kumar Singh"]
[Black "Sharnarthi Shlok"]
[Result "1/2-1/2"]
[WhiteElo "2042"]
[BlackElo "1838"]
[WhiteFideId "46676465"]
[BlackFideId "25977776"]
[EventDate "2024.06.02"]

1. e4 d5 2. exd5 c6 3. d4 cxd5 4. Nf3 Nc6 5. Bd3 Bg4 6. c3 Nf6 7. O-O e6 8. Bg5
Qc7 9. Nbd2 Bd6 10. Qc2 Nd7 11. Bh4 Rc8 12. a3 Bh5 13. Rae1 h6 14. Bg3 O-O 15.
Bxd6 Qxd6 16. h3 Bxf3 17. Nxf3 a6 18. Qd1 Rfe8 19. Bb1 b5 20. Qd3 g6 21. Re3 e5
22. dxe5 Ncxe5 23. Nxe5 Rxe5 24. Ba2 Nf6 25. Rxe5 Qxe5 26. Rd1 Kg7 27. Qd4 Re8
28. Qxe5 Rxe5 29. Kf1 g5 30. Rd4 Kf8 31. Bb1 Ke7 32. a4 Ne4 33. axb5 axb5 34.
Bd3 Nd2+ 35. Kg1 Nc4 36. b3 Nd6 37. Kf1 Kd7 38. f4 gxf4 39. Rxf4 Re3 40. Rd4 Kc6
41. Kf2 Re8 42. Rh4 Re6 43. Kf3 Kc5 44. Kf2 f5 45. Kf3 Ne4 46. b4+ Kc6 47. Rh5
Nxc3 48. Rxf5 d4 49. Kf2 Re3 50. Rf3 Rxf3+ 51. Kxf3 Na2 52. Be4+ Kd6 53. Bd3 Kc6
54. Ke4 Nxb4 55. Kxd4 Nxd3 56. Kxd3 1/2-1/2

[Event "61st World Juniors 2024"]
[Site "Gandhinagar IND"]
[Date "2024.06.05"]
[Round "4.56"]
[White "Matsumura, Cocoro"]
[Black "Eugen Mehul Shah"]
[Result "0-1"]
[WhiteElo "2032"]
[BlackElo "1744"]
[WhiteFideId "36087114"]
[BlackFideId "33444552"]
[EventDate "2024.06.02"]

1. e4 c5 2. Nf3 Nc6 3. Bb5 g6 4. O-O Bg7 5. d3 Nf6 6. Nc3 Nd4 7. Nxd4 cxd4 8.
Ne2 O-O 9. c3 dxc3 10. bxc3 Qc7 11. Bf4 e5 12. Bg3 a6 13. Ba4 b5 14. Bb3 h6 15.
Bh4 g5 16. Bg3 Bb7 17. Nd4 Kh7 18. Nf5 Bh8 19. h4 d6 20. Qd2 Rg8 21. hxg5 hxg5
22. Bh4 Rg6 23. Bxg5 Rag8 24. Bxf6 Bxf6 25. g3 Rg5 26. Kg2 R8g6 27. Rh1+ Kg8 28.
Nh6+ Kg7 29. Nxf7 Rg4 30. Rh3 d5 31. f3 Rh4 32. Rxh4 Bxh4 33. Nh6 Rxg3+ 34. Kh2
Bc8 35. Ng4 Bxg4 36. fxg4 Qa7 37. Qe2 dxe4 0-1

[Event "61st World Juniors 2024"]
[Site "Gandhinagar IND"]
[Date "2024.06.05"]
[Round "4.57"]
[White "Katta, Sriansh"]
[Black "Alhejab, Meshal"]
[Result "1/2-1/2"]
[WhiteElo "1753"]
[BlackElo "1837"]
[WhiteFideId "30981034"]
[BlackFideId "10302603"]
[EventDate "2024.06.02"]

1. e4 c5 2. Nc3 Nc6 3. f4 g6 4. Nf3 Bg7 5. Bc4 e6 6. O-O Nge7 7. d3 d5 8. Bb3
O-O 9. Qe1 Rb8 10. a4 a6 11. f5 c4 12. dxc4 dxe4 13. Nxe4 Nxf5 14. Bg5 f6 15.
Rd1 Qe7 16. Bc1 e5 17. Nd6 Be6 18. c5 Bxb3 19. cxb3 Rbd8 20. Nxf5 gxf5 21. Qf2
f4 22. Nh4 Nd4 23. b4 f5 24. Rfe1 Bf6 25. Nf3 Nc6 26. Qc2 Rxd1 27. Qxd1 Kh8 28.
Bxf4 Nxb4 29. Nxe5 Qxc5+ 30. Kh1 Qd5 31. Nd7 Rd8 32. Qxd5 Nxd5 33. Nxf6 Nxf4 34.
g3 Ng6 35. Re8+ Rxe8 36. Nxe8 f4 37. Kg2 fxg3 38. Kxg3 Ne5 39. b3 Nd3 40. Nd6 b6
41. Ne8 Nc5 42. Nc7 a5 43. Nd5 Nxb3 44. Nxb6 Nc5 45. Kg4 Kg7 46. h4 Kg6 47. h5+
Kf6 1/2-1/2